Five Elizabethan Tragedies / (Record no. 660)
[ view plain ]
| 000 -LEADER | |
|---|---|
| fixed length control field | 00307cam a2200121ua 4500 |
| 082 ## - DEWEY DECIMAL CLASSIFICATION NUMBER | |
| Classification number | 822 |
| Item number | MCL/FI |
| 100 ## - MAIN ENTRY--AUTHOR NAME | |
| Personal name | McIlwraith, A K. |
| 245 00 - TITLE STATEMENT | |
| Title | Five Elizabethan Tragedies / |
| 260 ## - PUBLICATION, DISTRIBUTION, ETC. (IMPRINT) | |
| Place of publication | London : |
| Name of publisher | Oxford University Press , |
| Year of publication | 1959. |
| 300 ## - PHYSICAL DESCRIPTION | |
| Number of Pages | 399 ; . |
| 490 0# - SERIES STATEMENT | |
| Series statement | The World`s Classics, |
| 942 ## - ADDED ENTRY ELEMENTS (KOHA) | |
| Koha item type | Books |
| Withdrawn status | Lost status | Damaged status | Home library | Current library | Date acquired | Full call number | Accession Number | Koha item type |
|---|---|---|---|---|---|---|---|---|
| Withdrawn | KAUAET | Malayalam University | 07/04/2012 | 822 | 5056 | Books | ||
| Withdrawn | KAUAET | Sanskrit University | 07/04/2012 | 822 | 560 | Books |
